000 00564nam a2200229Ia 4500
005 20260320201629.0
008 008 262003s9999 xx 000 0 eng d
037 _aEBOOK
040 _aCRL
040 _beng
040 _cCRL
041 _2eng
041 _aeng
084 _qCRL
100 _aSundram
_9227872
245 0 _aPharmaceutical Industry 4.0: Future, Challenges & Application
260 _bIEEE
856 _uhttps://ieeexplore.ieee.org/servlet/opac?bknumber=10217090
942 _cEBOOK
999 _c1722546
_d1722546